000 00285nmm a2200085Ia 4500
008 220120s9999||||xx |||||||||||||||||und||
100 _aSociety of manufacturing engineering
_911279
245 0 _aFundamentals of manufacturing processes
260 _aSociety of manufacturing engineering
_c2012
999 _c139788
_d139788